| 000 -LEADER |
| fixed length control field |
00369cam a22001097a 4500 |
| 008 - FIXED-LENGTH DATA ELEMENTS--GENERAL INFORMATION |
| fixed length control field |
180718b1957 xxu||||| |||| 00| 0 eng d |
| 082 ## - DEWEY DECIMAL CLASSIFICATION NUMBER |
| Classification number |
A2:D In2 |
| 245 ## - TITLE STATEMENT |
| Title |
Index to the Foreign and Political Department records, 1756-1780 |
| Statement of responsibility, etc. |
by National Archives of India |
| 260 ## - PUBLICATION, DISTRIBUTION, ETC. |
| Place of publication, distribution, etc. |
Delhi |
| Name of publisher, distributor, etc. |
The Manager of Publications |
| Date of publication, distribution, etc. |
1957 |
| 300 ## - PHYSICAL DESCRIPTION |
| Extent |
548+p. |
| 700 ## - ADDED ENTRY--PERSONAL NAME |
| Personal name |
National Archives of India |